[Event "PRO League Group Stage"]
[Site "chess.com INT"]
[Date "2019.03.07"]
[Round "9"]
[White "Vrolijk, Liam"]
[Black "Cornette, Deimante"]
[Result "1-0"]
[WhiteTitle "IM"]
[BlackTitle "IM"]
[WhiteElo "2433"]
[BlackElo "2448"]
[WhiteTeam "Amsterdam Mosquitoes"]
[BlackTeam "Cannes Blitzstreams"]
[WhiteFideId "1048333"]
[BlackFideId "12802859"]
[EventDate "2019.01.08"]

1. d4 Nf6 2. c4 e6 3. Nf3 b6 4. g3 Bb4+ 5. Bd2 Bxd2+ 6. Qxd2 Ba6 7. b3 O-O 8.
Bg2 d5 9. cxd5 exd5 10. O-O c5 11. Nc3 Nc6 12. dxc5 bxc5 13. Rfd1 d4 14. Na4 Ne4
15. Qb2 Re8 16. e3 Nb4 17. Ne1 Rc8 18. exd4 Qf6 19. dxc5 Qxb2 20. Nxb2 Nxc5 21.
Bf1 Bxf1 22. Kxf1 g6 23. Nc4 Re6 24. Rd4 Ra6 25. Nd2 Nxa2 26. Rc4 Rd8 27. Nef3
Nb4 28. Rxa6 Ncxa6 29. Nd4 Rd5 30. Ne4 Kg7 31. Nc6 Nxc6 32. Rxc6 Nb4 33. Rc7 a5
34. h4 Rd1+ 35. Ke2 Rb1 36. Ng5 Rb2+ 37. Kf1 Rxb3 38. Rxf7+ Kg8 39. Ra7 Ra3 40.
g4 a4 41. h5 gxh5 42. gxh5 Ra1+ 43. Kg2 a3 44. h6 Kf8 45. Nxh7+ Ke8 46. Nf6+ Kd8
47. h7 1-0

[Event "PRO League Group Stage"]
[Site "chess.com INT"]
[Date "2019.03.07"]
[Round "9"]
[White "Forcen Esteban, Daniel"]
[Black "Meier, Georg"]
[Result "0-1"]
[WhiteTitle "GM"]
[BlackTitle "GM"]
[WhiteElo "2567"]
[BlackElo "2623"]
[WhiteTeam "Barcelona Raptors"]
[BlackTeam "Baden-Baden Snowballs"]
[WhiteFideId "2288230"]
[BlackFideId "4675789"]
[EventDate "2019.01.08"]

1. e4 e6 2. d4 d5 3. e5 c5 4. c3 Ne7 5. Nf3 Nec6 6. Bd3 b6 7. Qa4 Bd7 8. Qd1 Bc8
9. Qa4 Qd7 10. O-O a5 11. Na3 Ba6 12. Nb5 Be7 13. Bg5 c4 14. Bxe7 Kxe7 15. Be2
Bxb5 16. Qxb5 Nxe5 17. Qxb6 Nxf3+ 18. Bxf3 Qc6 19. Qxc6 Nxc6 20. b3 cxb3 21.
axb3 Rab8 22. Ra3 Rhc8 23. Re1 Kd6 24. Re3 Nxd4 25. Rxa5 Rxb3 0-1

[Event "PRO League Group Stage"]
[Site "chess.com INT"]
[Date "2019.03.07"]
[Round "9"]
[White "Diaz Camallonga, Carles"]
[Black "Donchenko, Alexander"]
[Result "0-1"]
[WhiteTitle "IM"]
[BlackTitle "GM"]
[WhiteElo "2432"]
[BlackElo "2604"]
[WhiteTeam "Barcelona Raptors"]
[BlackTeam "Baden-Baden Snowballs"]
[WhiteFideId "22235256"]
[BlackFideId "24603295"]
[EventDate "2019.01.08"]

1. e4 c6 2. Nf3 d5 3. Nc3 dxe4 4. Nxe4 Nf6 5. Nxf6+ exf6 6. Be2 Bd6 7. O-O O-O
8. d4 Na6 9. h3 Re8 10. Bd2 Nc7 11. Bd3 Nd5 12. Re1 Rxe1+ 13. Qxe1 g6 14. Qe2
Be6 15. Re1 Qd7 16. Qe4 Bf5 17. Qe2 Be6 18. Bc4 b5 19. Bb3 Rb8 20. Rc1 Kg7 21.
Re1 Bc7 22. Qe4 a5 23. Qh4 h5 24. c3 Rh8 25. Qe4 a4 26. Bd1 Qd6 27. Qe2 g5 28.
Qe4 g4 29. Nh4 Qh2+ 30. Kf1 Nxc3 31. Bxc3 Bc4+ 32. Be2 Qh1# 0-1

[Event "PRO League Group Stage"]
[Site "chess.com INT"]
[Date "2019.03.07"]
[Round "9"]
[White "Kollars, Dmitrij"]
[Black "Alvarado Diaz, Alejandro"]
[Result "0-1"]
[WhiteTitle "GM"]
[BlackTitle "IM"]
[WhiteElo "2562"]
[BlackElo "2388"]
[WhiteTeam "Baden-Baden Snowballs"]
[BlackTeam "Barcelona Raptors"]
[WhiteFideId "12909572"]
[BlackFideId "2276119"]
[EventDate "2019.01.08"]

1. e4 e5 2. Nf3 Nc6 3. Bc4 Nf6 4. d3 h6 5. O-O d6 6. c3 g5 7. d4 g4 8. Nfd2 Qe7
9. Re1 Bd7 10. Nf1 O-O-O 11. d5 Nb8 12. a4 h5 13. Na3 c6 14. a5 Bh6 15. b4 h4
16. Bxh6 Rxh6 17. Qd2 Rdh8 18. dxc6 Bxc6 19. Bd5 g3 20. fxg3 hxg3 21. h3 Bd7 22.
Re3 Bxh3 23. gxh3 Rxh3 24. Rxg3 Rh1+ 25. Kg2 Nh5 26. Qg5 f6 27. Qg4+ Nd7 28.
Kxh1 Nxg3+ 29. Kg2 Nh5 30. Ng3 Nxg3 31. Kxg3 f5 32. exf5 Nf6 33. Be6+ Kb8 34.
Qg6 Nh5+ 35. Kf3 Qh4 36. Qg4 e4+ 37. Qxe4 Qg3+ 38. Ke2 Nf4+ 39. Qxf4 Qxf4 40.
Kd3 Rh3+ 41. Kc2 Qf2+ 42. Kb3 Qd2 43. Nb1 Qd1+ 44. Ka3 Qc1+ 45. Kb3 Rh2 46. Ka4
Qb2 47. Ra2 Qxa2+ 48. Bxa2 Rxa2+ 49. Kb3 Rf2 50. Na3 Rxf5 51. Nc2 Kc7 52. Nd4
Rh5 53. Kc4 a6 54. Ne6+ Kd7 55. Nd4 Rh8 56. Kb3 Rc8 57. Kc2 d5 58. Kd3 Rh8 59.
Kc2 Kd6 60. Nb3 Rh7 61. Kd3 Ke5 62. Nc5 Rh3+ 63. Kc2 d4 64. Nd3+ Kd6 65. cxd4
Rg3 66. Nc5 Kd5 67. Nxb7 Kc4 68. Nc5 Rg2+ 69. Kd1 Rg6 70. Kc2 Kxb4 71. Kd3 Kxa5
72. Kc4 Kb6 73. Nd7+ Kc7 74. Ne5 Rb6 75. Kc5 Rb5+ 76. Kc4 Rb1 77. Nd3 Kb6 78. d5
a5 79. d6 a4 80. d7 Kc7 81. Nc5 Rc1+ 82. Kb4 Rxc5 83. Kxc5 a3 0-1

[Event "PRO League Group Stage"]
[Site "chess.com INT"]
[Date "2019.03.07"]
[Round "9"]
[White "Klek, Hanna Marie"]
[Black "Herrera Reyes, Jose Antonio"]
[Result "0-1"]
[WhiteTitle "WGM"]
[BlackTitle "FM"]
[WhiteElo "2311"]
[BlackElo "2324"]
[WhiteTeam "Baden-Baden Snowballs"]
[BlackTeam "Barcelona Raptors"]
[WhiteFideId "24670057"]
[BlackFideId "2274914"]
[EventDate "2019.01.08"]

1. e4 c5 2. Nf3 e6 3. d4 cxd4 4. Nxd4 a6 5. c4 Qc7 6. Nc3 Nf6 7. Be2 d6 8. Be3
Nbd7 9. O-O Be7 10. f4 h5 11. Kh1 b6 12. Rc1 Bb7 13. Bf3 h4 14. h3 Rc8 15. b3
Qb8 16. Bf2 Qa8 17. Re1 Nc5 18. Qc2 b5 19. b4 Ncd7 20. cxb5 Nh5 21. bxa6 Qxa6
22. b5 Qa8 23. Qd2 Nc5 24. Rc2 Ng3+ 25. Bxg3 hxg3 26. Qe3 O-O 27. Nde2 Nxe4 28.
Nxe4 Rxc2 29. Nd4 Rxa2 30. Nc6 Bxc6 31. bxc6 d5 32. Nc3 Ra1 33. c7 Bc5 34. Qd2
Bf2 35. Rxa1 Qxa1+ 36. Nd1 Rc8 37. f5 Rxc7 38. fxe6 fxe6 39. Bg4 Qe5 0-1

[Event "PRO League Group Stage"]
[Site "chess.com INT"]
[Date "2019.03.07"]
[Round "9"]
[White "Tomczak, Jacek"]
[Black "Vachier-Lagrave, Maxime"]
[Result "1-0"]
[WhiteTitle "GM"]
[BlackTitle "GM"]
[WhiteElo "2631"]
[BlackElo "2780"]
[WhiteTeam "Berlin Bears"]
[BlackTeam "Marseille Migraines"]
[WhiteFideId "1124668"]
[BlackFideId "623539"]
[EventDate "2019.01.08"]

1. e4 c5 2. Nf3 d6 3. d4 cxd4 4. Nxd4 Nf6 5. Nc3 a6 6. Bc4 e6 7. Bb3 Nbd7 8. O-O
Nc5 9. Qe2 Be7 10. Kh1 b5 11. Nc6 Qc7 12. Nxe7 Qxe7 13. e5 dxe5 14. Qxe5 Bb7 15.
Bg5 h6 16. Bxf6 gxf6 17. Qe3 O-O-O 18. Rad1 Rxd1 19. Rxd1 Qc7 20. a4 b4 21. Ne2
Rg8 22. f3 Qe5 23. Qd2 Qg5 24. Nf4 a5 25. Bc4 Kb8 26. Qd6+ Ka8 27. Qc7 Qe5 28.
Qxa5+ Kb8 29. Ne2 Qe3 30. Rd8+ Rxd8 31. Qxd8+ Ka7 32. Qxf6 Nxa4 33. h3 Nb6 34.
Bd3 b3 35. Qd4 Qxd4 36. Nxd4 bxc2 37. Nxc2 Kb8 38. Kh2 Kc7 39. Kg3 Kd6 40. Kh4
Nd5 41. Be4 Ke5 42. Bxd5 exd5 43. Kh5 d4 44. Nxd4 Kxd4 45. Kxh6 Ke3 46. Kg5 Kf2
47. h4 Kxg2 48. h5 Kxf3 49. h6 Be4 50. b4 1-0

[Event "PRO League Group Stage"]
[Site "chess.com INT"]
[Date "2019.03.07"]
[Round "9"]
[White "Braun, Arik"]
[Black "Tregubov, Pavel V."]
[Result "1/2-1/2"]
[WhiteTitle "GM"]
[BlackTitle "GM"]
[WhiteElo "2598"]
[BlackElo "2592"]
[WhiteTeam "Berlin Bears"]
[BlackTeam "Marseille Migraines"]
[WhiteFideId "4663527"]
[BlackFideId "4115341"]
[EventDate "2019.01.08"]

1. d4 Nf6 2. c4 e6 3. Nc3 Bb4 4. Qc2 c5 5. dxc5 O-O 6. g3 Na6 7. Bg2 Nxc5 8. Nh3
d5 9. cxd5 exd5 10. O-O Nce4 11. Nxe4 dxe4 12. Ng5 Bf5 13. Nxe4 Nxe4 14. Bxe4
Rc8 15. Qd3 Qxd3 16. Bxd3 Bxd3 17. exd3 Rc2 18. Rd1 Rd8 19. Be3 Rxb2 20. Bxa7
Ra8 21. Rdb1 Rxb1+ 22. Rxb1 Rxa7 23. Rxb4 Rxa2 24. Rxb7 g5 25. Rb5 h6 26. h3 Kg7
27. Kg2 Kg6 28. Kf3 Ra1 29. Rb6+ f6 30. Rd6 Rh1 31. Kg2 Rd1 32. g4 h5 33. d4 h4
34. Rd7 Rd3 35. d5 Kh6 36. d6 Kg6 37. Kh2 Rf3 38. Kg2 Rd3 39. Kh2 Rf3 40. Kg2
Rd3 41. Kh2 Rf3 42. Kg2 Rd3 43. Kh2 1/2-1/2

[Event "PRO League Group Stage"]
[Site "chess.com INT"]
[Date "2019.03.07"]
[Round "9"]
[White "Moussard, Jules"]
[Black "Lampert, Jonas"]
[Result "0-1"]
[WhiteTitle "GM"]
[BlackTitle "IM"]
[WhiteElo "2605"]
[BlackElo "2544"]
[WhiteTeam "Marseille Migraines"]
[BlackTeam "Berlin Bears"]
[WhiteFideId "642908"]
[BlackFideId "1303759"]
[EventDate "2019.01.08"]

1. e4 e5 2. Nf3 Nc6 3. Bb5 a6 4. Ba4 Nf6 5. Nc3 Bc5 6. Bxc6 dxc6 7. d3 Qe7 8.
O-O Bg4 9. h3 Bh5 10. Be3 Nd7 11. a3 O-O-O 12. b4 Bxe3 13. fxe3 g5 14. Qe1 Rhg8
15. Ne2 g4 16. hxg4 Bxg4 17. Ng3 Rg7 18. Nf5 Bxf5 19. exf5 Rdg8 20. Rf2 e4 21.
Nh2 Rg3 22. Nf1 R3g4 23. Qe2 h5 24. dxe4 Qxe4 25. Rd1 Qe7 26. Nh2 Re4 27. Qxh5
Nf6 28. Qf3 Rxe3 29. Qf4 Nd5 30. Qd4 Nc3 31. f6 Re1+ 32. Rf1 Qe2 0-1

[Event "PRO League Group Stage"]
[Site "chess.com INT"]
[Date "2019.03.07"]
[Round "9"]
[White "Maurizzi, Marc Andria"]
[Black "Hoolt, Sarah"]
[Result "1-0"]
[WhiteTitle "CM"]
[BlackTitle "WGM"]
[WhiteElo "2028"]
[BlackElo "2358"]
[WhiteTeam "Marseille Migraines"]
[BlackTeam "Berlin Bears"]
[WhiteFideId "36083534"]
[BlackFideId "24606812"]
[EventDate "2019.01.08"]

1. e4 e6 2. d4 d5 3. exd5 exd5 4. Nf3 Bg4 5. Qe2+ Qe7 6. Be3 Nc6 7. Nc3 O-O-O 8.
O-O-O Qb4 9. h3 Bh5 10. g4 Bg6 11. Qb5 a6 12. Qxb4 Bxb4 13. Nh4 Bxc3 14. bxc3
Na5 15. Rg1 Nf6 16. Nf5 Bxf5 17. gxf5 Ne8 18. h4 f6 19. Be2 Rd7 20. Rg4 Rf8 21.
Rdg1 Rff7 22. h5 h6 23. Bd3 Nd6 24. Bf4 Nac4 25. Rg6 Rde7 26. f3 b5 27. R6g3 Kd8
28. R3g2 Ke8 29. Rg3 Kf8 30. Bxh6 Ne3 31. Bxe3 Rxe3 32. Kd2 Rfe7 33. h6 Nf7 34.
Rxg7 Nxh6 35. R7g6 Rxd3+ 36. cxd3 Nxf5 37. Rxf6+ Rf7 38. Rxf7+ Kxf7 39. Rg5 Ne7
40. Ke3 a5 41. Kf4 Kf6 42. Kg4 c6 43. f4 a4 44. Re5 Nc8 45. f5 Ne7 46. a3 Kf7
47. Rxe7+ Kxe7 48. Kg5 c5 49. f6+ Kf7 50. dxc5 d4 51. c6 Ke6 52. f7 Kxf7 53. c7
dxc3 54. c8=Q 1-0

[Event "PRO League Group Stage"]
[Site "chess.com INT"]
[Date "2019.03.12"]
[Round "10"]
[White "Saric, Ivan"]
[Black "Eljanov, Pavel"]
[Result "1/2-1/2"]
[WhiteTitle "GM"]
[BlackTitle "GM"]
[WhiteElo "2690"]
[BlackElo "2680"]
[WhiteTeam "Montreal Chessbrahs"]
[BlackTeam "Miami Champions"]
[WhiteFideId "14508150"]
[BlackFideId "14102951"]
[EventDate "2019.01.08"]

1. e4 c6 2. d4 d5 3. Nc3 dxe4 4. Nxe4 Bf5 5. Ng3 Bg6 6. h4 h6 7. Nf3 e6 8. Ne5
Bh7 9. Bd3 Bxd3 10. Qxd3 Nd7 11. Bf4 Nxe5 12. Bxe5 Qa5+ 13. c3 Nf6 14. Qe2 Nd7
15. Bf4 Be7 16. Ne4 Nf6 17. Nxf6+ Bxf6 18. h5 Bxd4 19. O-O Bf6 20. Bd6 O-O-O 21.
Rfd1 Rd7 22. c4 Rhd8 23. c5 Be7 24. Bxe7 Rxe7 25. Qg4 f5 26. Rxd8+ Qxd8 27. Qa4
a6 28. Rd1 Rd7 29. Re1 Qf6 30. Qc4 e5 31. b4 Rd4 32. Qg8+ Kc7 33. a3 e4 34. g3
Rd2 35. a4 f4 36. gxf4 Qd4 37. Re3 Qa1+ 38. Kg2 Qb2 39. Qf7+ Kb8 40. Qe8+ Ka7
41. Qxe4 Rxf2+ 42. Kg3 Rd2 43. b5 cxb5 44. c6 Qc1 45. Re1 Qc3+ 46. Kg4 Rd4 47.
Qe5 Rd3 48. axb5 axb5 49. cxb7 Qxe5 50. Rxe5 Kxb7 51. Rxb5+ Kc7 52. Kf5 Rg3 53.
Rd5 Kc6 54. Rd1 Kc7 55. Ke6 Rg4 56. f5 Rg5 57. Rd7+ Kc8 58. Ra7 Kd8 59. Rb7 Kc8
60. Rd7 Rxf5 61. Kxf5 Kxd7 62. Kg6 Ke7 63. Kxg7 Ke6 64. Kg6 Ke7 65. Kxh6 Kf6 66.
Kh7 Kf7 67. h6 Kf8 68. Kh8 Kf7 69. h7 Kf8 1/2-1/2

[Event "PRO League Group Stage"]
[Site "chess.com INT"]
[Date "2019.03.12"]
[Round "10"]
[White "Iturrizaga Bonelli, Eduardo"]
[Black "Hansen, Eric"]
[Result "1-0"]
[WhiteTitle "GM"]
[BlackTitle "GM"]
[WhiteElo "2637"]
[BlackElo "2615"]
[WhiteTeam "Miami Champions"]
[BlackTeam "Montreal Chessbrahs"]
[WhiteFideId "3901211"]
[BlackFideId "2606771"]
[EventDate "2019.01.08"]

1. c4 e5 2. g3 Nf6 3. Bg2 Nc6 4. Nf3 d5 5. cxd5 Nxd5 6. O-O Nb6 7. b3 Bd6 8. Bb2
O-O 9. d3 Re8 10. Nbd2 a5 11. a3 Bg4 12. Qc2 Qd7 13. Rfc1 Bh3 14. Bh1 h6 15. Ne4
Rad8 16. Nc5 Bxc5 17. Qxc5 Qe6 18. Nd2 Bg4 19. Bxc6 bxc6 20. f3 Bh3 21. Qxc6 Qe7
22. Qc5 Qe6 23. Qxa5 Nd5 24. Qc5 h5 25. Rc4 Qh6 26. Ne4 h4 27. Bc1 Qg6 28. Nf2
Be6 29. Rxh4 f6 30. Bd2 Ne7 31. Rc1 Bxb3 32. Rb4 Be6 33. e4 Qh5 34. Kg2 Kh7 35.
Rb7 Ng6 36. Qxc7 Rd7 37. Qb6 Rxb7 38. Qxb7 Nf8 39. Rc7 Qg6 40. a4 Bg8 41. a5 Ne6
42. Rc8 Nd4 43. Bc3 Rxc8 44. Qxc8 Be6 45. Qb7 Ne2 46. Qb2 Nf4+ 47. Kf1 Nxd3 48.
Nxd3 Bc4 49. Qd2 f5 50. Kg2 fxe4 51. Nxe5 exf3+ 52. Nxf3 Qb1 53. g4 Qe4 54. Kg3 1-0

[Event "PRO League Group Stage"]
[Site "chess.com INT"]
[Date "2019.03.12"]
[Round "10"]
[White "Kleinman, Michael"]
[Black "Wang, Tianqi"]
[Result "1/2-1/2"]
[WhiteTitle "IM"]
[WhiteElo "2411"]
[BlackElo "2329"]
[WhiteTeam "Montreal Chessbrahs"]
[BlackTeam "Miami Champions"]
[WhiteFideId "2609479"]
[BlackFideId "2063824"]
[EventDate "2019.01.08"]

1. e4 d6 2. d4 Nf6 3. Nc3 e6 4. Nf3 a6 5. a4 Be7 6. Be2 O-O 7. O-O c5 8. d5 exd5
9. exd5 Nbd7 10. h3 Ne8 11. Bf4 Ndf6 12. Re1 Nc7 13. a5 Re8 14. Qd3 h6 15. Nd2
Bf8 16. Nc4 Rb8 17. Rad1 g6 18. Qg3 Nb5 19. Nxb5 axb5 20. Nxd6 Bxd6 21. Bxd6 Ne4
22. Bxb8 Nxg3 23. Bxg3 Qxa5 24. c3 Bd7 25. Bg4 Rxe1+ 26. Rxe1 Bxg4 27. hxg4 Qa4
28. f3 Qc2 29. d6 Qd2 30. Re8+ Kg7 31. Re7 h5 32. gxh5 b4 33. cxb4 cxb4 34. h6+
Qxh6 35. Be5+ Kf8 36. f4 f6 37. Bxf6 Qxf4 38. d7 Qc1+ 39. Kh2 Qf4+ 40. Kg1 Qc1+
41. Kf2 Qd2+ 42. Kf3 Qd3+ 43. Kf4 Qf5+ 44. Ke3 Qc5+ 45. Kd3 Qd5+ 46. Kc2 Qc4+
47. Kd1 Qf1+ 48. Kc2 Qxg2+ 49. Kb3 Qd5+ 50. Ka4 Qc6+ 51. Kb3 Qd5+ 52. Kxb4 Qd6+
53. Kb3 Qd3+ 54. Ka2 Qa6+ 55. Kb1 Qf1+ 56. Kc2 Qc4+ 57. Kd2 Qf4+ 58. Kc2 Qc4+
59. Kb1 Qf1+ 60. Ka2 Qa6+ 61. Kb1 Qf1+ 62. Ka2 Qa6+ 1/2-1/2

[Event "PRO League Group Stage"]
[Site "chess.com INT"]
[Date "2019.03.12"]
[Round "10"]
[White "Robson, Ray"]
[Black "Caruana, Fabiano"]
[Result "1-0"]
[WhiteTitle "GM"]
[BlackTitle "GM"]
[WhiteElo "2667"]
[BlackElo "2828"]
[WhiteTeam "Webster Windmills"]
[BlackTeam "Saint Louis Arch Bishops"]
[WhiteFideId "2023970"]
[BlackFideId "2020009"]
[EventDate "2019.01.08"]

1. e4 c5 2. Nf3 Nc6 3. d4 cxd4 4. Nxd4 Nf6 5. Nc3 d6 6. Bg5 e6 7. Qd2 a6 8.
O-O-O Bd7 9. f3 Nxd4 10. Qxd4 h6 11. Bh4 Rc8 12. Kb1 Be7 13. g4 b5 14. Bg3 e5
15. Qe3 Qc7 16. Bd3 Be6 17. h4 Qa5 18. g5 b4 19. Nd5 Nxd5 20. exd5 Bxd5 21. b3
Qc5 22. Qe2 Qc6 23. Rhf1 Ra8 24. f4 e4 25. Rfe1 f5 26. gxf6 gxf6 27. Bxe4 Bxe4
28. Qxe4 Qxe4 29. Rxe4 Rg8 30. Rd3 d5 31. Re6 Kf7 32. f5 Rg4 33. Bd6 Ra7 34.
Rxd5 Rxh4 35. Bxe7 Rxe7 36. Rxa6 Rf4 37. Ra8 h5 38. Kb2 h4 39. Rh8 Kg7 40. Rh5
Re5 41. Rd7+ Kg8 42. Rd8+ Kg7 43. Rd7+ Kg8 44. Rdh7 Rexf5 45. Rxf5 Rxf5 46. Rxh4
Rb5 47. c3 bxc3+ 48. Kxc3 Kf7 49. a4 Ra5 50. Kb4 Re5 51. a5 Ke6 52. Rd4 Re1 53.
a6 Ke5 54. Rd8 Ra1 55. Kb5 f5 56. b4 f4 57. Kb6 f3 58. Rf8 Ra3 59. a7 Ke4 60.
a8=Q+ 1-0

[Event "PRO League Group Stage"]
[Site "chess.com INT"]
[Date "2019.03.12"]
[Round "10"]
[White "So, Wesley"]
[Black "Durarbayli, Vasif"]
[Result "1/2-1/2"]
[WhiteTitle "GM"]
[BlackTitle "GM"]
[WhiteElo "2765"]
[BlackElo "2620"]
[WhiteTeam "Saint Louis Arch Bishops"]
[BlackTeam "Webster Windmills"]
[WhiteFideId "5202213"]
[BlackFideId "13402935"]
[EventDate "2019.01.08"]

1. e4 e5 2. Nf3 Nc6 3. Bb5 a6 4. Ba4 Nge7 5. c3 Ng6 6. d4 d6 7. O-O Be7 8. Be3
O-O 9. Nbd2 Bd7 10. d5 Nb8 11. Bc2 Qc8 12. c4 b6 13. b4 a5 14. a3 f5 15. exf5
Bxf5 16. Bxf5 Qxf5 17. Qb1 Nd7 18. Qxf5 Rxf5 19. Ne4 Nf4 20. Bxf4 Rxf4 21. Nfd2
Rff8 22. Nc3 Nf6 23. f3 Rfc8 24. Kf2 Ra6 25. Ke2 Rca8 26. Rab1 axb4 27. axb4 Kf7
28. Nb5 Bd8 29. Kd3 Ra2 30. Nc3 R2a3 31. Nb3 Ke8 32. Ra1 Kd7 33. Rxa3 Rxa3 34.
Rb1 Nh5 35. Kc2 Bg5 36. Ne4 Be3 37. g3 Ra2+ 38. Rb2 Rxb2+ 39. Kxb2 Bg1 40. h4
Bh2 41. g4 Nf4 42. h5 Nd3+ 43. Kc3 Ne1 44. Kd2 Nxf3+ 45. Ke2 Nh4 46. Ng5 Bf4 47.
Ne6 g5 48. Kf2 h6 49. b5 Kc8 50. Nf8 Kd8 51. Ne6+ Kd7 52. Nf8+ Ke7 53. Ne6 Kd7
54. Nf8+ Ke7 55. Ne6 Kd7 1/2-1/2

[Event "PRO League Group Stage"]
[Site "chess.com INT"]
[Date "2019.03.12"]
[Round "10"]
[White "Nyzhnyk, Illya"]
[Black "Ali Marandi, Cemil Can"]
[Result "1-0"]
[WhiteTitle "GM"]
[BlackTitle "GM"]
[WhiteElo "2624"]
[BlackElo "2530"]
[WhiteTeam "Webster Windmills"]
[BlackTeam "Saint Louis Arch Bishops"]
[WhiteFideId "14118084"]
[BlackFideId "6300529"]
[EventDate "2019.01.08"]

1. c4 c6 2. Nf3 d5 3. e3 Nf6 4. Nc3 e6 5. b3 Nbd7 6. Bb2 Bd6 7. Qc2 O-O 8. Rg1
b5 9. g4 b4 10. g5 bxc3 11. gxf6 Qxf6 12. Bxc3 e5 13. Ng5 g6 14. f4 d4 15. Bb2
dxe3 16. dxe3 Bb4+ 17. Kf2 Bc5 18. f5 Nb6 19. Bh3 Bd7 20. Rg3 Be7 21. Nf3 Bd6
22. c5 Bc7 23. cxb6 axb6 24. fxg6 Bxh3 25. gxh7+ Kh8 26. Rxh3 Rad8 27. Rg1 1-0

[Event "PRO League Group Stage"]
[Site "chess.com INT"]
[Date "2019.03.12"]
[Round "10"]
[White "Bloomer, Josh"]
[Black "Grabinsky, Joshua"]
[Result "1-0"]
[BlackTitle "CM"]
[WhiteElo "1950"]
[BlackElo "2078"]
[WhiteTeam "Saint Louis Arch Bishops"]
[BlackTeam "Webster Windmills"]
[WhiteFideId "2020416"]
[BlackFideId "30919754"]
[EventDate "2019.01.08"]

1. e4 e6 2. d4 d5 3. Bd3 dxe4 4. Bxe4 Nf6 5. Bf3 Nbd7 6. Ne2 e5 7. O-O Bd6 8.
Ng3 O-O 9. Nf5 e4 10. Be2 Nb6 11. Nxd6 cxd6 12. c4 Bf5 13. Nc3 d5 14. c5 Nbd7
15. Bf4 a6 16. Bd6 Re8 17. Qb3 b6 18. Nxd5 bxc5 19. dxc5 Rc8 20. Rac1 Nxd5 21.
Qxd5 Be6 22. Qxe4 Bxa2 23. Qf3 Qa5 24. Ra1 Nxc5 25. Bc4 Ne4 26. Rxa2 Qd2 27.
Bxf7+ Kh8 28. Bxe8 Rxe8 29. Bg3 h6 30. Rxa6 Ng5 31. Qc3 Qe2 32. Ra7 Ne6 33. Re1
Nd4 34. f3 Nxf3+ 35. gxf3 1-0

[Event "PRO League Group Stage"]
[Site "chess.com INT"]
[Date "2019.03.12"]
[Round "10"]
[White "Moranda, Wojciech"]
[Black "Guseinov, Gadir"]
[Result "1-0"]
[WhiteTitle "GM"]
[BlackTitle "GM"]
[WhiteElo "2593"]
[BlackElo "2664"]
[WhiteTeam "New York Marshalls"]
[BlackTeam "Montclair Sopranos"]
[WhiteFideId "1122401"]
[BlackFideId "13401378"]
[EventDate "2019.01.08"]

1. d4 Nf6 2. c4 g6 3. Nf3 Bg7 4. Nc3 O-O 5. g3 d6 6. Bg2 Nc6 7. O-O Bf5 8. Bg5
Ne4 9. Nxe4 Bxe4 10. d5 Nb8 11. Qd2 Re8 12. Bh3 c6 13. Rac1 Nd7 14. Nd4 cxd5 15.
f3 Bxd4+ 16. Qxd4 Bf5 17. Bxf5 gxf5 18. Qxd5 Qb6+ 19. Kh1 Qxb2 20. Qxf5 Nf8 21.
Rc2 Qg7 22. Qd5 Rac8 23. Be3 b6 24. a4 Ne6 25. a5 bxa5 26. Qxa5 Rc7 27. Rb1 Rec8
28. Bxa7 Qg6 29. Rcb2 Rxc4 30. Be3 Kg7 31. Rb7 R8c7 32. Rb8 Rc8 33. R8b7 R4c7
34. Kg2 Qc2 35. R7b2 Qc3 36. Qxc3+ Rxc3 37. Kf2 f6 38. Rb7 Kf7 39. R1b4 Rc2 40.
Rh4 Nf8 41. Rd4 Ra2 42. Rd2 Ra6 43. Bf4 Rcc6 44. Rb8 Ng6 45. Bh6 Ra5 46. h4 Rac5
47. Ra2 Rh5 48. Be3 Ne5 49. Bd4 Nc4 50. Raa8 Rd5 51. Bc3 Nb6 52. Ra3 Nc4 53.
Raa8 h5 54. Rh8 Rc7 55. Raf8+ Ke6 56. Ra8 Rdc5 57. Bd4 Rd5 58. Bc3 Nd2 59. Bxd2
Rxd2 60. Ra3 Rd5 61. Re3+ Kf7 62. Rh7+ Kf8 63. Re6 Rf5 64. Kg2 Ra5 65. Rxf6+ Kg8
66. Rfh6 Re5 67. e4 Rc2+ 68. Kh3 Rc3 69. Rh8+ Kg7 70. R8h7+ Kg8 71. Rxh5 Rxh5
72. Rxh5 Rxf3 73. Kg4 Re3 74. Kf4 Ra3 75. e5 d5 76. e6 d4 77. Rd5 d3 78. g4 Kg7
79. Kf5 Kh7 80. g5 Kg7 81. h5 Kh7 82. Rd7 Ra5+ 83. Kg4 Ra4+ 84. Kg3 Ra3 85.
Rxe7+ Kg8 86. Rd7 Ra5 87. Kf4 Ra4+ 88. Kf5 Ra5+ 89. Kg6 1-0

[Event "PRO League Group Stage"]
[Site "chess.com INT"]
[Date "2019.03.12"]
[Round "10"]
[White "Checa, Nicolas"]
[Black "Azarov, Sergei"]
[Result "1/2-1/2"]
[WhiteTitle "IM"]
[BlackTitle "GM"]
[WhiteElo "2508"]
[BlackElo "2575"]
[WhiteTeam "Montclair Sopranos"]
[BlackTeam "New York Marshalls"]
[WhiteFideId "2069342"]
[BlackFideId "13501470"]
[EventDate "2019.01.08"]

1. d4 Nf6 2. c4 e6 3. Nf3 b6 4. g3 Ba6 5. Nbd2 Bb4 6. Qa4 Bxd2+ 7. Bxd2 Bb7 8.
Bg2 O-O 9. O-O d6 10. Rfe1 Nbd7 11. Rad1 Qe7 12. Qc2 Be4 13. Qc1 Rac8 14. Bc3
Rfe8 15. b3 h6 16. Bh3 Bh7 17. Nd2 c5 18. e4 cxd4 19. Bxd4 Nc5 20. Qb1 Rc7 21.
Re3 d5 22. cxd5 exd5 23. Bf5 dxe4 24. Bxh7+ Nxh7 25. Bxc5 Rxc5 26. Nxe4 Re5 27.
Rde1 Re6 28. h4 Nf6 29. Nc3 Qd7 30. Rxe6 Rxe6 31. Rxe6 Qxe6 32. Qd3 g6 33. Qd4
h5 34. f3 Qf5 35. Kf2 Qc2+ 36. Ke3 Qc1+ 37. Qd2 Qg1+ 38. Qf2 Qc1+ 39. Kd4 Qa3
40. Kd3 Qd6+ 41. Qd4 Qe6 42. a4 Qf5+ 43. Ke3 Qe6+ 44. Kf2 Qf5 45. b4 Ng4+ 46.
Ke2 Nf6 47. Qd8+ Kg7 48. Qd4 Kg8 49. b5 Qe6+ 50. Kd3 Nd7 51. Ne4 Ne5+ 52. Ke2
Qa2+ 53. Ke3 Qe6 54. Qd8+ Kg7 55. Qd4 Kg8 56. Ke2 Qa2+ 57. Ke3 Qe6 58. Qc3 Nd7
59. Qc6 Qb3+ 60. Kf4 Nf8 61. Qc3 Ne6+ 62. Ke5 Qxa4 63. Qc8+ Kg7 64. Kd6 Qb4+ 65.
Kd7 Qxb5+ 66. Ke7 Qb4+ 67. Nd6 Qc5 68. Qd7 a5 69. Ke8 Nc7+ 70. Kd8 Ne6+ 71. Ke8
Nc7+ 72. Kd8 Ne6+ 73. Ke8 1/2-1/2